01425cas a2200325 a 4500001000400000003000800004005001700012008004100029025002000070035002400090035001700114040005100131042000800182043001200190082002600202245005600228246000900284260007900293300001700372515004500389550014500434650004800579651004900627710007600676710009200752906004500844942001200889999001300901952018500914256BD-RjUL20211208233137.0150308c20059999bg fr 0 0eng  aB-2003-306159-S a(OCoLC)ocm71216185  a(BD-RjUL)273 aDLCbengcDLCdDLCdOCoLCdDLCdOCoLCdBD-RjUL apcc aa-bg--- 220a330.9549205 bAJB04aThe AIUB journal of business and economics :bAJBE.30aAJBE aDhaka, Bangladesh :bAmerican International University--Bangladesh,c2005- av. ;c26 cm. aSome numbers are called "Special issue." aPublished on behalf of the School of Business, American International University-Bangladesh by the Office of Planning and Development, AIUB. aEconomicsvPeriodicals.zBangladesh9116232 aBangladesh xCommerce vPeriodicals.91162332 aAmerican International University-Bangladesh.bSchool of Business.92042 aAmerican International University-Bangladesh.bOffice of Planning and Development.9205 a7bcbccserialsd3encipf20gn-oclcserc 2ddccCR c256d256 00102ddc405171aRUCLbRUCLcSerials d2012-05-07eAIUBg0.00hVolume 4 No. 1-2 (Jan.-Aug. 2005)l0oP 330.9549205 AJB V-4 No.1-2 2005r2013-11-16 00:00:00tC-1w2021-12-08yCR